Les 10 Unités Urbaines les Plus Peuplées par Région - Statistiques

Statistiques générales
  • Ce quiz a été pris 222 fois
  • Le résultat moyen est 87 sur 124
Statistiques - réponses
Département
Principal
Unité Urbaine
Population
(en milliers)
% Correct
2 Isère Grenoble 509
97%
Auvergne Rhône Alpes 1 Rhône Lyon 1 651
97%
3 Loire Saint Étienne 374
95%
4 Puy de Dôme Clermont Ferrand 267
93%
Bourgogne Franche Comté 1 Côte d'Or Dijon 243
93%
2 Finistère Brest 200
92%
Bretagne 1 Îllle et Vilaine Rennes 333
92%
Grand Est 1 Bas Rhin Strasbourg 465
92%
7 Haute Savoie Annecy 169
91%
8 Drôme Valence 130
91%
Hauts de France 1 Nord Lille 1 041
90%
Corse 1 Corse du Sud Ajaccio 69
89%
2 Doubs Besançon 135
89%
5 Savoie Chambéry 189
89%
2 Haute Corse Bastia 67
88%
4 Territoire de Belfort Belfort 81
88%
Nouvelle Aquitaine 1 Gironde Bordeaux 916
88%
2 Moselle Metz 286
88%
2 Loiret Orléans 278
88%
Occitanie 1 Haute Garonne Toulouse 957
88%
Centre Val de Loire 1 Indre et Loire Tours 353
88%
6 Somme Amiens 163
87%
3 Morbihan Lorient 114
87%
PACA 1 Bouches du Rhône Marseille Aix en Provence 1 587
87%
3 Meurthe et Moselle Nancy 285
87%
5 Finistère Quimper 79
87%
5 Marne Reims 212
87%
7 Yonne Auxerre 42
86%
2 Hérault Montpellier 434
86%
Pays de la Loire 1 Loire Atlantique Nantes 642
86%
Île de France Paris 10 733
86%
Normandie 1 Seine Maritime Rouen 467
86%
6 Morbihan Vannes 79
86%
2 Maine et Loire Angers 226
85%
4 Cher Bourges 82
85%
9 Pas de Calais Calais 99
85%
2 Nord / Pas de Calais Douai Lens 503
85%
3 Calvados Caen 198
84%
7 Vendée La Roche sur Yon 53
84%
4 Gard Nîmes 185
84%
3 Pyrénées Atlantiques Pau 198
84%
6 Charente Maritime La Rochelle 128
83%
2 Seine Maritime Le Havre 235
83%
3 Sarthe Le Mans 209
83%
4 Haute Vienne Limoges 182
83%
4 Haut Rhin Mulhouse 246
83%
5 Vienne Poitiers 130
83%
4 Côtes d'Armor Saint Brieuc 94
83%
6 Aube Troyes 136
83%
8 Haut Rhin Colmar 95
82%
5 Nord Dunkerque 175
82%
2 Alpes Maritimes Nice 943
82%
3 Eure et Loir Chartres 89
81%
3 Pyrénées Orientales Perpignan 201
81%
8 Îlle et Vilaine Saint Malo 46
81%
10 Vosges Épinal 61
79%
6 Nièvre Nevers 57
79%
2 Pyrénées Atlantiques Bayonne 239
78%
10 Deux Sèvres Niort 73
78%
10 Pas de Calais Arras 87
77%
5 Saône et Loire Chalon sur Saône 75
77%
4 Loire Atlantique Saint Nazaire 152
77%
5 Mayenne Laval 66
76%
5 Loir et Cher Blois 66
75%
6 Indre Châteauroux 61
75%
4 Manche Cherbourg en Cotentin 82
75%
5 Eure Évreux 60
75%
3 Var Toulon 572
75%
10 Tarn Albi 74
74%
7 Charente Angoulême 109
74%
4 Vaucluse Avignon 456
74%
4 Nord Valenciennes 335
74%
8 Tarn et Garonne Montauban 78
73%
6 Hérault Béziers 91
72%
6 Haute Savoie Genève Annemasse 180
72%
9 Hautes Pyrénées Tarbes 75
71%
8 Lot et Garonne Agen 80
70%
7 Orne Alençon 41
70%
7 Hérault Sète 90
68%
2 Réunion Saint Denis 181
65%
9 Corrèze Brive la Gaillarde 75
64%
6 Maine et Loire Cholet 57
63%
3 Doubs Montbéliard 106
62%
5 Gard Alès 95
61%
9 Yonne Sens 37
61%
8 Eure et Loir Dreux 49
60%
9 Guyane Cayenne 118
59%
8 Seine Maritime Dieppe 36
59%
9 Bouches du Rhône Arles 55
58%
8 Martinique Fort de France 121
58%
8 Vendée Les Sables d'Olonne 43
58%
7 Moselle Thionville 133
56%
9 Isère Vienne 95
56%
7 Loiret Montargis 55
55%
7 Côtes d'Armor Lannion 49
54%
10 Mayotte Mamoudzou 71
54%
4 Réunion Saint Pierre 168
54%
9 Cher Vierzon 29
54%
3 Pas de Calais Béthune 355
53%
10 Hautes Alpes Gap 41
52%
5 Nouvelle Calédonie Nouméa 158
52%
3 Réunion Saint Paul 173
52%
9 Moselle Sarrebruck Forbach 83
51%
7 Alpes Maritimes Menton Monaco 69
50%
DOM TOM 1 Guadeloupe Les Abymes Pointe à Pitre 253
49%
7 Oise Creil 120
48%
5 Var Fréjus 96
48%
9 Maine et Loire Saumur 28
46%
10 Saône et Loire Le Creusot 33
45%
6 Polynésie Française Papeete 140
43%
8 Nord Maubeuge 111
42%
6 Var Draguignan 80
41%
10 Loir et Cher Romorantin Lanthenay 17
38%
9 Îlle et Vilaine Dinard 32
36%
10 Eure Vernon 31
36%
10 Haute Savoie Cluses 90
34%
8 Saône et Loire Montceau les Mines 38
34%
8 Bouches du Rhône Salon de Provence 61
26%
10 Vendée Challans 27
25%
10 Morbihan Auray 28
24%
3 Haute Corse Borgo 20
24%
6 Eure Louviers 44
21%
7 Martinique Le Robert 133
14%
9 Calvados Dives sur Mer 34
6%
Aucun quiz correspondant
Distribution des résultats
% des personnes avec chaque résultat
Percentile par nombre de réponses
Votre historique - résultats
Vous n’avez pas pris ce quiz